000 01004cam a2200277 a 4500
001 000010254
005 20200929162217.0
008 750617s1970 sp a 000 0 spa
035 _a(DLC) 73217679
035 _a(OCoLC)1394848
040 _aDO-SdBNP
_bspa
_cNSbSU
_dDLC
_dBNPHU
082 _a862.3
_bC146v
100 1 _aCalderón de la Barca, Pedro,
_d1600-1681.
_95547
245 1 3 _aLa vida es sueño :
_bel alcalde de Zalamea /
_cPedro Calderón de la Barca ; edición y prólogo, Francisco Ruiz Ramón.
260 _a[España] :
_bSalvat,
_c1970.
300 _a195 p. :
_bil. ;
_c19 cm.
490 1 _abiblioteca basica salvat
_v32
650 4 _aTeatro español
_93071
650 4 _aLiteratura española
_9632
700 1 _aCalderón de la Barca, Pedro,
_d1600-1681.
_tAlcalde de Zalamea.
_925267
700 1 _aRuis Ramón, Francisco,
_epról.
_eed.
_925268
740 1 _aAlcalde de Zalamea.
830 0 _abiblioteca basica salvat ;
_v32
_917630
910 _aCatalogación derivada
049 _aBNGR
999 _c10013
_d10013